States West of the Mississippi Quiz Stats

 Plays Quiz Updated Oct 26, 2017

Also try: Waterlogged States
Challenge
Share
Tweet
Embed
Score 0/24 Timer 04:00
7 Plays Today
% Correct
California
98.6%
Washington
97.9%
Texas
97.4%
Oregon
96.8%
North Dakota
96.5%
South Dakota
96.4%
New Mexico
96.3%
Arizona
96.2%
Colorado
95.6%
Montana
95.1%
Idaho
94.8%
Utah
94.5%
% Correct
Nevada
94.2%
Wyoming
94%
Kansas
93.9%
Alaska
92.1%
Oklahoma
91.8%
Nebraska
91.2%
Iowa
91%
Hawaii
90.9%
Arkansas
90.7%
Missouri
89.7%
Minnesota
87.4%
Louisiana
83.7%

You're not logged in!

Compare scores with friends on all Sporcle quizzes.
OR
Log In

You Might Also Like...

Show Comments

Extras

Top Quizzes Today


Score Distribution

Your Account Isn't Verified!

In order to create a playlist on Sporcle, you need to verify the email address you used during registration. Go to your Sporcle Settings to finish the process.

Report this User

Report this user for behavior that violates our Community Guidelines.

Details: